De la dictadura al socialismo democratico (Registro nro. 5695)

Detalles MARC
000 -LEADER
fixed length control field 00999 a2200205 4500
001 - CONTROL NUMBER
control field 54621
005 - DATE AND TIME OF LATEST TRANSACTION
control field 20260407155821.0
008 - FIXED-LENGTH DATA ELEMENTS--GENERAL INFORMATION
fixed length control field 260407a1984 arg spa d
003 - CONTROL NUMBER IDENTIFIER
control field AR-UNSa-BCEJYS
040 ## - CATALOGING SOURCE
Original cataloging agency AR-UNSa-BCEJYS
Language of cataloging spa
Transcribing agency AR-UNSa-BCEJYS
080 ## - UNIVERSAL DECIMAL CLASSIFICATION NUMBER
Universal Decimal Classification number 338.2
Common auxiliary subdivision Política económica. Control de la economía. Gestión de la economía. Planificación económica
020 ## - INTERNATIONAL STANDARD BOOK NUMBER
International Standard Book Number 84-7209-177-5
100 1# - MAIN ENTRY--PERSONAL NAME
Personal name Nieto de Alba, Ubaldo
245 10 - TITLE STATEMENT
Title De la dictadura al socialismo democratico
Name of part/section of a work Análisis sobre el cambio de modelo socioeconómico en España
264 #1 - PRODUCTION, PUBLICATION, DISTRIBUTION, MANUFACTURE, AND COPYRIGHT NOTICE
Place of production, publication, distribution, manufacture Madrid :
Name of producer, publisher, distributor, manufacturer Union Editorial
Date of production, publication, distribution, manufacture, or copyright notice 1984
300 ## - PHYSICAL DESCRIPTION
Extent 269 p.
Dimensions 21,5
505 ## - FORMATTED CONTENTS NOTE
Formatted contents note 1. De la dictadura a la autocracia – 2. El modelo socioeconómico de la autocracia: principios, funcionamiento y crisis - 3. El cambio de modelo socioeconómico – 4. Los cambios económicos – 5. Crisis económica y crisis financiera – 6. El cambio del modelo en la política de renta.
590 ## - LOCAL NOTE (RLIN)
Local note niveau_biblio:m niveau_hierar:0
942 ## - ADDED ENTRY ELEMENTS (KOHA)
Koha item type
Existencias
Withdrawn status Lost status Damaged status Not for loan Home library Current library Shelving location Date acquired Total checkouts Full call number Barcode Date last seen Price effective from Koha item type
        Biblioteca Prof. Eusebio Cleto del Rey Biblioteca Prof. Eusebio Cleto del Rey   07/04/2026   338.2 N677 L39538 07/04/2026 07/04/2026 Libro